[Event "HUN-chT5"]
[Site "Hungary"]
[Date "2022.12.03"]
[Round "1.2"]
[White "Marcibal, Jozsef"]
[Black "Selley, Gabor"]
[Result "0-1"]
[WhiteElo "1158"]
[BlackElo "1749"]
[PlyCount "128"]
[EventDate "2022.12.03"]
[EventType "team-tourn"]
[EventRounds "9"]
[EventCountry "HUN"]
[SourceTitle "EXT 2024"]
[Source "ChessBase"]
[SourceDate "2023.10.10"]
[SourceVersion "1"]
[SourceVersionDate "2023.10.10"]
[SourceQuality "1"]

1. Nf3 d5 2. d4 Nf6 3. Bf4 g6 4. e3 Bg7 5. Nbd2 0-0 6. c4 b6 7. Ne5 Nh5 8. Be2 Nxf4 9. exf4 Bb7 10. 0-0 dxc4 11. Ndxc4 Nc6 12. Bf3 Nxe5 13. Nxe5 Bxf3 14. Nxf3 Qd6 15. Qd2 Rfd8 16. Rad1 c5 17. dxc5 Qxc5 18. Qxd8+ Rxd8 19. Rxd8+ Bf8 20. Ne5 Qc7 21. Rfd1 Kg7 22. g3 f6 23. Nf3 Qc2 24. R1d2 Qb1+ 25. Kg2 Qxa2 26. R8d7 a5 27. b4 Qa4 28. bxa5 bxa5 29. Ra7 Qa1 30. Nd4 Qc3 31. Nf3 Qa1 32. Rd5 h6 33. Rdxa5 Qc3 34. h4 Kf7 35. Nh2 Qc6+ 36. f3 Qc2+ 37. Kh3 Qd1 38. Ra1 Qe2 39. R1a2 Qd1 40. g4 Qd5 41. R2a5 Qd2 42. Ra4 Qc1 43. h5 Qe3 44. f5 gxf5 45. gxf5 Qg5 46. R4a5 Qxh5+ 47. Kg3 Qg5+ 48. Kf2 h5 49. Nf1 Bh6 50. Rd7 Qh4+ 51. Ke2 Qc4+ 52. Kf2 Qc2+ 53. Kg3 Qc4 54. Kf2 Bf4 55. Raa7 Qc2+ 56. Kg1 Qc5+ 57. Kg2 Bd6 58. Ng3 h4 59. Ne4 Qc2+ 60. Kh3 Qh2+ 61. Kg4 Qf4+ 62. Kh5 Qxf5+ 63. Kxh4 Qf4+ 64. Kh3 Qxf3+ 0-1

[Event "HUN-chT5"]
[Site "Hungary"]
[Date "2022.12.03"]
[Round "3.9"]
[White "Marcibal, Jozsef"]
[Black "Vasenszky, Zoltan Gyorgy"]
[Result "0-1"]
[WhiteElo "1158"]
[BlackElo "1392"]
[PlyCount "74"]
[EventDate "2022.12.03"]
[EventType "team-tourn"]
[EventRounds "9"]
[EventCountry "HUN"]
[SourceTitle "EXT 2024"]
[Source "ChessBase"]
[SourceDate "2023.10.10"]
[SourceVersion "1"]
[SourceVersionDate "2023.10.10"]
[SourceQuality "1"]

1. Nf3 Nf6 2. d4 d5 3. Bf4 g6 4. h3 Bg7 5. e3 c5 6. Bxb8 Rxb8 7. Bb5+ Nd7 8. Nc3 e6 9. 0-0 0-0 10. Bxd7 Bxd7 11. dxc5 Qa5 12. Nd4 Qxc5 13. a3 Rbc8 14. Qd2 Qb6 15. Rab1 Rc4 16. Rfd1 Rfc8 17. Nde2 Qc7 18. e4 d4 19. Kf1 Be8 20. Na2 Rxc2 21. Qb4 a6 22. Rdc1 Bb5 23. Rxc2 Qxc2 24. Qe1 Bxe2+ 25. Kg1 Qxe4 26. Rc1 Rxc1 27. Nxc1 Bd3 28. Qd2 Bb5 29. b3 Bc6 30. f3 Qe3+ 31. Qxe3 dxe3 32. Ne2 Bb5 33. Kf1 Bxe2+ 34. Kxe2 Bd4 35. a4 Kf8 36. Kd3 Ke7 37. Kxd4 e2 0-1

[Event "Level op-B 8th"]
[Site "Level"]
[Date "2022.09.11"]
[Round "7"]
[White "Marcibal, Jozsef"]
[Black "Vasenszky, Kata Sara"]
[Result "0-1"]
[WhiteElo "1243"]
[BlackElo "1042"]
[PlyCount "58"]
[EventDate "2022.09.09"]
[EventType "swiss"]
[EventRounds "7"]
[EventCountry "HUN"]
[SourceTitle "EXT 2023"]
[Source "ChessBase"]
[SourceDate "2022.10.05"]
[SourceVersion "1"]
[SourceVersionDate "2022.10.05"]
[SourceQuality "1"]

1. Nf3 c6 2. d4 d5 3. Bf4 Bf5 4. e3 e6 5. Bxb8 Rxb8 6. c4 Nf6 7. Nbd2 Be7 8. h3 0-0 9. Nh4 Bg6 10. Be2 Be4 11. f3 Nh5 12. Nxe4 dxe4 13. fxe4 Bxh4+ 14. Kd2 Ng3 15. Bf3 Qa5+ 16. Kd3 Nxh1 17. Qxh1 Qb4 18. b3 Rbd8 19. Kc2 c5 20. a3 Qb6 21. d5 exd5 22. exd5 Qg6+ 23. Kd2 Rfe8 24. g3 Qxg3 25. Qg2 Qe5 26. Qg1 Bf6 27. Rc1 Qb2+ 28. Rc2 Qxb3 29. e4 Qxf3 0-1

[Event "Level op-B 8th"]
[Site "Level"]
[Date "2022.09.11"]
[Round "6"]
[White "Nyari, Rajmund"]
[Black "Marcibal, Jozsef"]
[Result "1-0"]
[WhiteElo "1377"]
[BlackElo "1243"]
[PlyCount "85"]
[EventDate "2022.09.09"]
[EventType "swiss"]
[EventRounds "7"]
[EventCountry "HUN"]
[SourceTitle "EXT 2023"]
[Source "ChessBase"]
[SourceDate "2022.10.05"]
[SourceVersion "1"]
[SourceVersionDate "2022.10.05"]
[SourceQuality "1"]

1. d4 d5 2. Nf3 e6 3. c4 h6 4. Nc3 Bb4 5. Qa4+ Nc6 6. e3 Bxc3+ 7. bxc3 Nge7 8. cxd5 exd5 9. c4 Bd7 10. Qc2 Bf5 11. Bd3 Nb4 12. Qa4+ Nec6 13. Bxf5 0-0 14. a3 Na6 15. 0-0 Ne7 16. Bd3 c6 17. cxd5 Nxd5 18. Bxa6 bxa6 19. Bd2 Qc8 20. Rab1 Nb6 21. Qc2 f6 22. Rfc1 Rb8 23. Qxc6 Qf5 24. Qc2 Qe6 25. h3 Rfc8 26. Qd3 Rxc1+ 27. Rxc1 Rc8 28. Rxc8+ Qxc8 29. Qc3 Qe6 30. Be1 g5 31. Nd2 Qa2 32. Qb3+ Qxb3 33. Nxb3 Nc4 34. Bb4 a5 35. Nxa5 Nxa5 36. Bxa5 a6 37. a4 Kf7 38. Kf1 Ke6 39. Ke2 Kd5 40. Bd8 f5 41. Kd3 f4 42. exf4 gxf4 43. g3 1-0

[Event "Level op-B 8th"]
[Site "Level"]
[Date "2022.09.10"]
[Round "5"]
[White "Marcibal, Jozsef"]
[Black "Porcza, Antal Otto"]
[Result "1-0"]
[WhiteElo "1243"]
[BlackElo "1163"]
[PlyCount "49"]
[EventDate "2022.09.09"]
[EventType "swiss"]
[EventRounds "7"]
[EventCountry "HUN"]
[SourceTitle "EXT 2023"]
[Source "ChessBase"]
[SourceDate "2022.10.05"]
[SourceVersion "1"]
[SourceVersionDate "2022.10.05"]
[SourceQuality "1"]

1. Nf3 d5 2. d4 Bf5 3. Bf4 e6 4. e3 c5 5. Bxb8 Rxb8 6. Bb5+ Ke7 7. Nbd2 Qb6 8. c4 a6 9. Ba4 Qxb2 10. Bb3 cxd4 11. Nxd4 dxc4 12. Nxf5+ exf5 13. Bxc4 b5 14. Bb3 g6 15. Rb1 Qe5 16. 0-0 Rd8 17. Qe2 Kf6 18. Rfd1 Bd6 19. Nf3 Qe4 20. Qb2+ Be5 21. Nxe5 Rxd1+ 22. Rxd1 Nh6 23. Nxf7+ Ke7 24. Nxh8 Kf8 25. Qf6+ 1-0

[Event "Level op-B 8th"]
[Site "Level"]
[Date "2022.09.09"]
[Round "1"]
[White "Marcibal, Jozsef"]
[Black "Borsi, Zoltan Csaba"]
[Result "0-1"]
[WhiteElo "1243"]
[BlackElo "1555"]
[PlyCount "74"]
[EventDate "2022.09.09"]
[EventType "swiss"]
[EventRounds "7"]
[EventCountry "HUN"]
[SourceTitle "EXT 2023"]
[Source "ChessBase"]
[SourceDate "2022.10.05"]
[SourceVersion "1"]
[SourceVersionDate "2022.10.05"]
[SourceQuality "1"]

1. Nf3 Nf6 2. d4 e6 3. Bg5 Be7 4. c4 d6 5. Nbd2 Nc6 6. e3 0-0 7. h3 Re8 8. a3 e5 9. d5 Nb8 10. Bxf6 Bxf6 11. Ne4 Nd7 12. Bd3 Be7 13. Qc2 f5 14. Nfd2 fxe4 15. Nxe4 Nf8 16. g4 Bg5 17. 0-0-0 Ng6 18. Rdf1 Rf8 19. Kb1 Qe7 20. Nxg5 Qxg5 21. Bxg6 Qxg6 22. Qxg6 hxg6 23. f4 exf4 24. exf4 Bd7 25. Rf2 Rf7 26. Re1 Raf8 27. Re4 g5 28. f5 g6 29. f6 Rxf6 30. Rxf6 Rxf6 31. Re7 Rf7 32. Rxf7 Kxf7 33. Kc2 Kf6 34. Kd3 Ke5 35. Ke3 a5 36. b4 axb4 37. axb4 b5 0-1

[Event "HUN-chT Region CSB"]
[Site "Hungary"]
[Date "2022.02.12"]
[Round "6.5"]
[White "Marcibal, Jozsef"]
[Black "Vasenszky, Zoltan Gyorgy"]
[Result "0-1"]
[WhiteElo "1405"]
[BlackElo "1198"]
[PlyCount "52"]
[EventDate "2021.11.06"]
[EventType "team-swiss"]
[EventRounds "10"]
[EventCountry "HUN"]
[SourceTitle "EXT 2023"]
[Source "ChessBase"]
[SourceDate "2022.10.05"]
[SourceVersion "1"]
[SourceVersionDate "2022.10.05"]
[SourceQuality "1"]
[WhiteTeam "Asvanyraro Szigetkoezi III"]
[BlackTeam "Asvanyraro Szigetkoezi II"]
[WhiteTeamCountry "HUN"]
[BlackTeamCountry "HUN"]

1. d4 Nf6 2. Nf3 d5 3. Bf4 g6 4. Nbd2 Bg7 5. c3 0-0 6. Qc2 Bf5 7. Qb3 c5 8. Bxb8 Rxb8 9. e3 Qc7 10. Be2 Rfe8 11. Ne5 Red8 12. Ndf3 Ne4 13. Nh4 Bxe5 14. dxe5 Qxe5 15. f4 Qf6 16. Nxf5 Qxf5 17. g4 Qe6 18. Bd3 c4 19. f5 Qe5 20. Bxc4 dxc4 21. Qxc4 Kg7 22. Qe6 Qxe6 23. fxe6 Rd6 24. 0-0 Rxe6 25. Rad1 Ng5 26. h4 Ne4 0-1